• 首页
  • 本馆介绍
  • 公告通知
  • 最新文献
  • 馆藏检索
  • 电子资源
  • 读者导购
  • 参考咨询
  • 我的图书馆
  • 登录
  • 详细信息显示
  • 放入我的书架
  • 预约/预借图书
  • 作者相关作品
  • 分类相关作品
  • 丛书相关作品
  • 出版社相关作品

书目信息

  • 表格格式
  • 工作单格式
  • 卡片格式
题名:
法律顾问
    
 
作者: 本社编
分册: 五  
出版信息: 上海   上海人民出版社  1981
页数: 158页
开本: 19cm
丛书名:
单 册:
中图分类: D9
科图分类:
主题词: 法律
电子资源:
ISBN:
000 00505nam0 2200193 450
001 0640942749
005 20060820152254.20
010    @dCNY0.31
100    @a20060725d1981 km y0chiy0120 ea
101 0  @achi
102    @aCN@b310000
200 1  @a法律顾问@e青年信箱@Afa lu gu wen@h五@f本社编@Fben she bian
210    @a上海@c上海人民出版社@d1981
215    @a158页@d19cm
517 1  @a青年信箱@Aqing nian xin xiang
606 0  @a法律
690    @aD9@v3
801  0 @aCN@bPFT@c20060820
905    @a10447@dD9@e237:5
    
    法律顾问:青年信箱.五/本社编.-上海:上海人民出版社,1981
    158页;19cm
    
    
    ISBN :CNY0.31
    
●
相关链接 在E读中查询图书 在五车中查询图书 在当当中查询图书 在豆瓣中查询图书


正题名:法律顾问     索取号:D9/237:5         预约/预借

序号 登录号 条形码 馆藏地/架位号 状态 备注
1 0426180   204261805   密集书库/ [索取号:D9/237:5] 在馆    
2 0426186   204261869   密集书库/ [索取号:D9/237:5] 在馆    
3 0470836   204708361   密集书库/ [索取号:D9/237:5] 在馆    
4 0471177   204711776   密集书库/ [索取号:D9/237:5] 在馆    
唐山师范学院图书馆 欢迎您!
大连网信软件有限公司© 版权所有